<?xml version="1.0" encoding="UTF-8"?><?xml-stylesheet type="text/xsl" href="static/style.xsl"?><OAI-PMH xmlns="http://www.openarchives.org/OAI/2.0/" xmlns:xsi="http://www.w3.org/2001/XMLSchema-instance" xsi:schemaLocation="http://www.openarchives.org/OAI/2.0/ http://www.openarchives.org/OAI/2.0/OAI-PMH.xsd"><responseDate>2026-06-29T02:43:29Z</responseDate><request verb="GetRecord" identifier="oai:docta.ucm.es:20.500.14352/114671" metadataPrefix="marc">https://docta.ucm.es/rest/oai/request</request><GetRecord><record><header><identifier>oai:docta.ucm.es:20.500.14352/114671</identifier><datestamp>2025-03-18T13:25:00Z</datestamp><setSpec>com_20.500.14352_14</setSpec><setSpec>col_20.500.14352_15</setSpec></header><metadata><record xmlns="http://www.loc.gov/MARC21/slim" xmlns:dcterms="http://purl.org/dc/terms/" xmlns:xsi="http://www.w3.org/2001/XMLSchema-instance" xmlns:doc="http://www.lyncode.com/xoai" xsi:schemaLocation="http://www.loc.gov/MARC21/slim http://www.loc.gov/standards/marcxml/schema/MARC21slim.xsd">
   <leader>00925njm 22002777a 4500</leader>
   <datafield ind2=" " ind1=" " tag="042">
      <subfield code="a">dc</subfield>
   </datafield>
   <datafield ind2=" " ind1=" " tag="720">
      <subfield code="a">Sánchez Jiménez, Rodrigo</subfield>
      <subfield code="e">author</subfield>
   </datafield>
   <datafield ind2=" " ind1=" " tag="720">
      <subfield code="a">Blázquez Ochando, Manuel</subfield>
      <subfield code="e">author</subfield>
   </datafield>
   <datafield ind2=" " ind1=" " tag="720">
      <subfield code="a">Botezán, Iuliana</subfield>
      <subfield code="e">author</subfield>
   </datafield>
   <datafield ind2=" " ind1=" " tag="720">
      <subfield code="a">Montesi, Michela</subfield>
      <subfield code="e">author</subfield>
   </datafield>
   <datafield ind2=" " ind1=" " tag="260">
      <subfield code="c">2017-12-30</subfield>
   </datafield>
   <datafield ind2=" " ind1=" " tag="520">
      <subfield code="a">El acceso cada vez más fácil a la literatura gris plantea a la comunidad científica la posibilidad de explorar un producto científico aún poco estudiado, las tesis doctorales. El presente estudio propone un análisis de la producción de las tesis doctorales defendidas en España en el período 1977-2014 y registradas en la base de datos TESEO, con especial énfasis en los 20 últimos años de dicho periodo. Se describe la evolución de la producción de tesis y su  distribución por materias y universidades, aportando una comparación con los datos de producción científica por año, materia e institución de Web of Science y Scopus. Se detecta una correlación importante entre la producción de  tesis y la producción científica en las bases de datos mencionadas, que se fortalece mucho desde el año 2007, cuando empieza a configurarse un patrón de crecimiento más parecido al del aumento exponencial de la producción  científica española reflejada en Web of Science y Scopus. En cuanto a la distribución por materias y universidades, se aprecian cambios importantes en la importancia relativa de disciplinas e instituciones entre el período 1995-99 y el período 2010-14. En concreto, las ciencias de la salud pasan del 17,8% del período 1995-99 al 12,3% en el período 2010-14. En el mismo intervalo, la Universidad Complutense pierde buena parte de su liderazgo en la  producción de tesis doctorales, pasando a una situación de casi igualdad con la Universidad de Barcelona y observándose un escalonamiento más progresivo de la distribución de tesis por universidades. Ésta distribución se estudia además en conjunto con la producción WoS y el porcentaje de producción WoS de alto impacto, observándose un aumento general del ratio producción científica / tesis, que es con frecuencia más elevado en las universidades con mayor porcentaje de producción de alto impacto.</subfield>
   </datafield>
   <datafield ind1="8" ind2=" " tag="024">
      <subfield code="a">Sánchez Jiménez, R., Blázquez Ochando, M., Montesi, M., &amp; Botezan, I. (2017). La producción de tesis doctorales en España (1995-2014): evolución, disciplinas, principales actores y comparación con la producción científica en WoS y Scopus. Revista Española De Documentación Científica, 40(4), e188. https://doi.org/10.3989/redc.2017.4.1409</subfield>
   </datafield>
   <datafield ind1="8" ind2=" " tag="024">
      <subfield code="a">10.3989/redc.2017.4.1409</subfield>
   </datafield>
   <datafield ind1="8" ind2=" " tag="024">
      <subfield code="a">https://hdl.handle.net/20.500.14352/114671</subfield>
   </datafield>
   <datafield ind1="8" ind2=" " tag="024">
      <subfield code="a">http://dx.doi.org/10.3989/redc.2017.4.1409</subfield>
   </datafield>
   <datafield ind2="0" ind1="0" tag="245">
      <subfield code="a">La producción de tesis doctorales en España (1995-2014): evolución, disciplinas, principales actores y comparación con la producción científica en WoS y Scopus</subfield>
   </datafield>
</record></metadata></record></GetRecord></OAI-PMH>